Jardín de flores (Record no. 102830)

MARC details
000 -LEADER
campo de control de longitud fija 00965nam a2200265 i 4500
001 - NÚMERO DE CONTROL
campo de control 102830
003 - IDENTIFICADOR DE NÚMERO DE CONTROL
campo de control ES-MaACL
007 - CAMPO FIJO DE DESCRIPCIÓN FÍSICA--INFORMACIÓN GENERAL
campo de control de longitud fija t|
008 - DATOS DE LONGITUD FIJA--INFORMACIÓN GENERAL
campo de control de longitud fija 051213s1977 sp af ||||1| spa d
020 ## - NÚMERO INTERNACIONAL ESTÁNDAR DEL LIBRO
Número Internacional Estándar del Libro 84-7385-022-X
080 ## - NÚMERO DE LA CLASIFICACIÓN DECIMAL UNIVERSAL
Número de la Clasificación Decimal Universal 860-193.3(082.2)
080 ## - NÚMERO DE LA CLASIFICACIÓN DECIMAL UNIVERSAL
Número de la Clasificación Decimal Universal 76 Ortego, Esther
245 00 - MENCIÓN DEL TÍTULO
Título Jardín de flores
Resto del título : ramillete de sonetos eróticos del siglo de Oro /
Mención de responsabilidad, etc. [por] Fr. Melchor de la Serna y otros ; edición al cuidado de Luis Montañés , ilustrada con 10 aguafuertes de Esther Ortego.
260 ## - PUBLICACIÓN, DISTRIBUCIÓN, ETC.
Lugar de publicación, distribución, etc. Madrid :
Nombre del editor, distribuidor, etc. Gisa,
Fecha de publicación, distribución, etc. 1977.
300 ## - DESCRIPCIÓN FÍSICA
Extensión XII, 38 p., [10] h. de lám. :
Otras características físicas il. ;
Dimensiones 54 cm.
490 1# - MENCIÓN DE SERIE
Mención de serie Torculum ;
Designación de volumen o secuencia 7
500 ## - NOTA GENERAL
Nota general Índice de primeros versos.
500 ## - NOTA GENERAL
Nota general Ejemplar numerado de una tirada de 180.
700 1# - ENTRADA AGREGADA--NOMBRE PERSONAL
Nombre de persona Serna, Melchor de la
Títulos y otros términos asociados al nombre , (O.S.B.)
9 (RLIN) 105576
700 1# - ENTRADA AGREGADA--NOMBRE PERSONAL
Nombre de persona Montañés Fontenla, Luis.
9 (RLIN) 82396
700 1# - ENTRADA AGREGADA--NOMBRE PERSONAL
Nombre de persona Ortego, Esther.
9 (RLIN) 87514
830 0# - PUNTO DE ACCESO ADICIONAL DE SERIE-TÍTULO UNIFORME
Título uniforme Torculum ;
Designación de volumen o secuencia 7
9 (RLIN) 184690
852 ## - LOCALIZACIÓN
Ubicación ES-MaACL
Número de control de estantería GF-59
Holdings
Estatus retirado Estado de pérdida Estado de daño No para préstamo Biblioteca de origen Biblioteca actual Ubicación en estantería Fecha de adquisición Fuente de adquisición Total de préstamos Signatura topográfica completa Código de barras Visto por última vez Precio de reemplazo Tipo de ítem Koha
        Biblioteca del Ateneo de Madrid Biblioteca del Ateneo de Madrid Depósito 2 17/01/2008     GF-59 1107348 23/02/2023 23/02/2023 Libro impreso